000 01608cam a2200481 a 4500
001 39855
005 20230410101650.0
008 000119s1999 quc b 001 0 eng
010 _a 00304461
035 _a(OCoLC)ocm43284260
040 _aDLC
_cDLC
_dNLC
_dNOC
_dBTCTA
016 _a999413589
020 _a2894540779
020 _a9782894540770
029 1 _aNLC
_b999413589
035 _a(OCoLC)43284260
041 1 _aeng
_hfre
043 _anwht---
045 _ax9x9
050 1 4 _a110 F 1928.2
_bM355f 1999
082 0 0 _a972.9407/3
100 1 _aMarotte, Cecile,
_d1946-
240 1 0 _aMémoire oubliee.
_lEnglish
245 1 0 _aForgotten memory :
_bHaiti, 1991-1995 /
_cCécile Marotte, Hervé Rakoto Razafimbahiny ; translated and revised by Cynthia Kelly.
260 _aMontréal, Québec :
_bCIDIHCA,
_cc1999.
300 _axvii, 179 p. ;
_c23 cm.
500 _aTranslation of: Memoire oubliee.
500 _aFirst published 1997.
504 _aIncludes bibliographical references (p. 157-168) and index.
650 0 _aTorture victims
_xMental health services
_zHaiti.
650 0 _aTorture victims
_xRehabilitation
_zHaiti.
650 0 _aHuman rights
_zHaiti
_xHistory
_y20th century.
650 4 _aCEH
650 4 _aColección Estudios Haitianos
650 6 _aRepression politique
_zHaiti.
650 6 _aVictimes de torture
_xReadaption
_zHaiti.
650 6 _aDroits de l'homme
_zHaiti.
651 6 _aHaiti
_xHistoire
_y1986-
700 1 _aRazafimbahiny, Herve Rakoto,
_d1954-
938 _aBaker and Taylor
_bBTCP
_n00304461
942 _2lcc
_cbk
994 _aC0
_bDRFGD
999 _c11822
_d11822